Statistics for Minnesota Timberwolves: Top 10 All-Time Leaders

Click here to take the quiz!

General Stats

  • This quiz has been taken 535 times
    (41 since last reset)
  • The average score is 44 of 104

Answer Stats

Category#PlayerAmount% Correct
Three Pointers Made2Anthony Edwards760
100%
Points Per Game2Anthony Edwards22.9
100%
Steals9Anthony Edwards395
100%
Assists10Anthony Edwards1,158
100%
Points7Anthony Edwards6,568
100%
Field Goal Percent4Karl-Anthony Towns52.4%
100%
Rebounds2Karl-Anthony Towns6,205
100%
Points2Karl-Anthony Towns13,100
100%
Points Per Game1Karl-Anthony Towns22.9
100%
Blocks2Karl-Anthony Towns720
100%
Three Pointers Made1Karl-Anthony Towns973
98%
Triple-Doubles1Kevin Garnett16
95%
Games1Kevin Garnett970
95%
Triple-DoublesT5Karl-Anthony Towns2
93%
Assists4Karl-Anthony Towns1,805
93%
Games4Karl-Anthony Towns571
93%
Steals4Karl-Anthony Towns452
93%
Three Pointers Made3Andrew Wiggins520
83%
Points Per Game6Andrew Wiggins19.7
83%
Games6Andrew Wiggins442
83%
Rebounds10Andrew Wiggins1,922
83%
Triple-DoublesT8Andrew Wiggins1
83%
Points3Andrew Wiggins8,710
83%
Steals6Andrew Wiggins436
83%
Field Goal Percent1Rudy Gobert65.4%
80%
Points Per Game7Kevin Love19.2
68%
Rebounds3Kevin Love4,359
68%
Three Pointers Made6Kevin Love440
68%
Games10Kevin Love364
68%
Triple-DoublesT3Kevin Love3
68%
Points5Kevin Love6,989
68%
Points Per Game5Kevin Garnett19.8
65%
Blocks1Kevin Garnett1,590
65%
Points1Kevin Garnett19,201
65%
Steals1Kevin Garnett1,315
65%
Assists1Kevin Garnett4,216
65%
Rebounds1Kevin Garnett10,718
65%
Steals2Ricky Rubio845
55%
Triple-Doubles2Ricky Rubio5
55%
Assists2Ricky Rubio3,424
55%
Games8Ricky Rubio421
55%
Triple-DoublesT8Sam Cassell1
53%
Three Pointers Made8Naz Reid358
50%
Points Per Game9D'Angelo Russell18.5
43%
Three Pointers Made4D'Angelo Russell482
43%
Three Pointers Made10Jaden McDaniels325
43%
Assists6Stephon Marbury1,393
43%
Games7Wally Szczerbiak438
40%
Rebounds9Wally Szczerbiak1,932
33%
Three Pointers Made9Wally Szczerbiak343
33%
Field Goal Percent8Wally Szczerbiak50.0%
33%
Assists9Wally Szczerbiak1,190
33%
Points6Wally Szczerbiak6,777
33%
Triple-DoublesT3Kyle Anderson3
30%
Blocks10Joe Smith265
28%
Field Goal Percent3Craig Smith55.3%
25%
Field Goal Percent5Nikola Peković51.8%
25%
Games5Gorgui Dieng498
23%
Rebounds6Christian Laettner2,225
20%
Blocks6Christian Laettner299
20%
Points10Christian Laettner4,759
20%
Rebounds4Gorgui Dieng3,068
20%
Blocks3Gorgui Dieng489
20%
Steals8Gorgui Dieng413
20%
Field Goal Percent9Gorgui Dieng50.0%
20%
Rebounds7Al Jefferson2,162
18%
Points Per Game4Al Jefferson20.1
18%
Field Goal Percent10Al Jefferson49.9%
18%
Blocks5Al Jefferson300
18%
Steals10Tom Gugliotta391
18%
Rebounds8Tom Gugliotta1,970
18%
Points Per Game10Tom Gugliotta18.2
18%
Steals3Corey Brewer502
15%
Three Pointers Made7Malik Beasley417
15%
Triple-DoublesT5Michael Williams2
15%
Assists7Michael Williams1,239
15%
Triple-DoublesT8Bobby Jackson1
13%
Field Goal Percent2Taj Gibson57.2%
13%
Steals5Sam Mitchell449
10%
Rebounds5Sam Mitchell3,030
10%
Games2Sam Mitchell757
10%
Points4Sam Mitchell7,161
10%
Points Per Game8Isaiah Rider18.8
8%
Assists3Pooh Richardson1,973
8%
Triple-DoublesT5Terrell Brandon2
5%
Assists5Terrell Brandon1,681
5%
Triple-DoublesT8Chauncey Billups1
3%
Assists8Doug West1,216
3%
Points8Doug West6,216
3%
Steals7Doug West428
3%
Games3Doug West609
3%
Triple-DoublesT8J.J. Barea1
3%
Blocks7Naz Reid281
3%
Points9Tony Campbell4,888
3%
Points Per Game3Tony Campbell20.6
3%
Games9Anthony Peeler379
0%
Three Pointers Made5Anthony Peeler465
0%
Blocks8Eddie Griffin273
0%
Blocks9Felton Spencer266
0%
Field Goal Percent7Gary Trent50.6%
0%
Field Goal Percent6Mark Blount50.8%
0%
Blocks4Rasho Nesterovic373
0%
Triple-DoublesT8Shabazz Napier1
0%
Triple-DoublesT8Tyrone Corbin1
0%

Score Distribution

Percentile by Number Answered

Percent of People with Each Score

Your Score History

You have not taken this quiz since the last reset